000 00873nam a22002177a 4500
005 20250806152206.0
008 250806b |||||||| |||| 00| 0 eng d
020 _a9780521282871
_qpbk
041 _aeng
082 _a700
_bCHA
100 _aCharvet, P. E.
245 _aSelected Writings On Art And Artists
_c/ P. E. Charvet,
250 _a1st ed.
260 _aCambridge
_bCambridge University Press
_c1981
300 _a460 p.
_c20 cm.
500 _aSpine title: Writings on art & artists
520 _aBefore publishing Les Fleurs du Mal in 1857, Baudelaire was probably better known to his contemporaries as a critic than as a poet, and the articles translated here by P. E. Charvet illustrate the development of Baudelaire's critical ideas. These essays cover the visual, literary, and musical arts.
650 _aArt
650 _aArtists
942 _cREF
999 _c578778
_d578778